| 000 | 00852nam a2200241 a 4500 | ||
|---|---|---|---|
| 001 | 70948 | ||
| 003 | BD-RjUL | ||
| 005 | 20211209082046.0 | ||
| 008 | 170423s1994 ii a|||| |||| 00| 0 ben d | ||
| 020 | _c: TK. 50.00 | ||
| 035 | _a(BD-RjUL)71162 | ||
| 040 |
_aBD-RjUL _bben _cBD-RjUL _dBD-RjUL |
||
| 041 | _aben | ||
| 082 |
_223 _a611 _bPAA 1994 |
||
| 100 |
_aপান্ডে, এস. এন. _9209954 |
||
| 245 |
_aএ্যানাটমি শিক্ষা / _cএস. এন. পান্ডে |
||
| 250 | _a১৩ তম সং. | ||
| 260 |
_aকলিকাতা : _bআদিত্য প্রকাশালয়, _c১৯৯৪. |
||
| 300 |
_aiv, ২৪০ পৃ. : _bচিত্র. ; _c২৪ সে.মি. |
||
| 650 |
_aমানব দেহবিদ্যা _9209955 |
||
| 650 |
_aHuman anatomy _9137277 |
||
| 942 |
_2ddc _cBK |
||
| 999 |
_c70948 _d70948 |
||